[Event "25th European Club Cup Women 2021"]
[Site "Struga"]
[Date "2021.09.19"]
[Round "2.7"]
[White "Bulmaga, Irina"]
[Black "Mehmed, Elif"]
[Result "1-0"]
[WhiteElo "2407"]
[BlackElo "2260"]
[Annotator "NA"]
[PlyCount "65"]
[EventDate "2021.09.18"]
[EventType "team-tourn"]
[EventCountry "MKD"]
[SourceTitle "playchess.com"]
[Source "ChessBase"]
[SourceQuality "1"]
[TimeControl "40/5400+30:1800+30"]

1. e4 {[%emt 0:00:04]} c5 {[%emt 0:00:12]} 2. Nf3 {[%emt 0:00:06]} d6 {[%emt 0:
00:07]} 3. d4 {[%emt 0:00:06]} cxd4 {[%emt 0:00:06]} 4. Nxd4 {[%emt 0:00:05]}
Nf6 {[%emt 0:00:06]} 5. Nc3 {[%emt 0:00:07]} a6 {[%emt 0:00:05]} 6. Be3 {
[%emt 0:00:11]} e6 {[%emt 0:00:16]} 7. f3 {[%emt 0:00:13]} b5 {[%emt 0:00:11]}
8. a3 {[%emt 0:00:06]} Nbd7 {[%emt 0:00:42]} 9. g4 {[%emt 0:00:18]} h6 {
[%emt 0:02:12]} 10. Qd2 {[%emt 0:00:19]} Bb7 {[%emt 0:00:30]} 11. O-O-O {
[%emt 0:00:17]} Rc8 {[%emt 0:01:18]} 12. h4 {[%emt 0:00:35]} d5 {[%emt 0:13:39]
} 13. Rg1 {[%emt 0:00:53]} e5 {[%emt 0:09:13]} 14. g5 {[%emt 0:08:16]} exd4 {
[%emt 0:03:22]} 15. Bxd4 {[%emt 0:00:13]} hxg5 {[%emt 0:02:40]} 16. hxg5 {
[%emt 0:08:38]} Nh5 {[%emt 0:00:13]} 17. exd5 {[%emt 0:07:32]} Bd6 {[%emt 0:00:
27]} 18. Rh1 {[%emt 0:10:20]} Kf8 {[%emt 0:08:21]} 19. g6 {[%emt 0:10:14]} Ne5
{[%emt 0:11:54]} 20. Bh3 {[%emt 0:06:41]} Rc4 {[%emt 0:04:02]} 21. Bg4 {
[%emt 0:03:01]} fxg6 {[%emt 0:06:14]} 22. Ne4 {[%emt 0:04:31]} Nf7 {[%emt 0:04:
07]} 23. Be6 {[%emt 0:08:43]} Nf4 {[%emt 0:18:59]} 24. Rxh8+ {[%emt 0:10:38]}
Nxh8 {[%emt 0:00:08]} 25. Kb1 {[%emt 0:01:34]} Nxe6 {[%emt 0:07:01]} 26. dxe6 {
[%emt 0:01:04]} Bxe4 {[%emt 0:04:06]} 27. fxe4 {[%emt 0:00:49]} g5 {[%emt 0:00:
04]} 28. Be5 {[%emt 0:02:39]} Rxe4 {[%emt 0:01:05]} 29. Bxd6+ {[%emt 0:01:36]}
Ke8 {[%emt 0:00:38]} 30. Qd5 {[%emt 0:00:38]} Rc4 {[%emt 0:01:14]} 31. e7 {
[%emt 0:00:17]} Qc8 {[%emt 0:00:34]} 32. Qg8+ {[%emt 0:00:12]} Kd7 {[%emt 0:00:
06]} 33. Bb4+ {[%emt 0:00:12]} 1-0

[Event "25th European Club Cup Women 2021"]
[Site "Struga"]
[Date "2021.09.19"]
[Round "2.8"]
[White "Krasteva, Beloslava"]
[Black "Koskoska, Gabriela"]
[Result "1-0"]
[WhiteElo "2217"]
[BlackElo "2003"]
[Annotator "NA"]
[PlyCount "123"]
[EventDate "2021.09.18"]
[EventType "team-tourn"]
[EventCountry "MKD"]
[SourceTitle "playchess.com"]
[Source "ChessBase"]
[SourceQuality "1"]
[TimeControl "40/5400+30:1800+30"]

1. d4 {[%emt 0:00:08]} Nf6 {[%emt 0:00:11]} 2. c4 {[%emt 0:00:10]} c5 {[%emt 0:
00:38]} 3. d5 {[%emt 0:00:10]} b5 {[%emt 0:00:05]} 4. cxb5 {[%emt 0:00:09]} a6
{[%emt 0:00:04]} 5. b6 {[%emt 0:00:07]} e6 {[%emt 0:00:36]} 6. Nc3 {[%emt 0:00:
28]} Nxd5 {[%emt 0:00:34]} 7. Nxd5 {[%emt 0:00:09]} exd5 {[%emt 0:00:02]} 8.
Qxd5 {[%emt 0:00:08]} Nc6 {[%emt 0:00:06]} 9. Nf3 {[%emt 0:00:07]} Rb8 {
[%emt 0:01:00]} 10. e4 {[%emt 0:01:03]} Be7 {[%emt 0:01:16]} 11. Bc4 {[%emt 0:
00:08]} O-O {[%emt 0:00:26]} 12. Bd2 {[%emt 0:00:28]} Rxb6 {[%emt 0:01:16]} 13.
O-O {[%emt 0:00:10]} Nb4 {[%emt 0:13:20]} 14. Qh5 {[%emt 0:06:00]} Bb7 {
[%emt 0:04:41]} 15. Ng5 {[%emt 0:24:14]} Bxg5 {[%emt 0:02:46]} 16. Bxg5 {
[%emt 0:00:58]} Qe8 {[%emt 0:01:37]} 17. Rae1 {[%emt 0:09:38]} Qe5 {[%emt 0:04:
49]} 18. Qh4 {[%emt 0:03:36]} Rg6 {[%emt 0:12:23]} 19. Bc1 {[%emt 0:07:07]} Re8
{[%emt 0:07:28]} 20. Qf4 {[%emt 0:09:17]} Qxf4 {[%emt 0:05:20]} 21. Bxf4 {
[%emt 0:00:07]} Nc2 {[%emt 0:00:33]} 22. Rc1 {[%emt 0:04:11]} Nd4 {[%emt 0:02:
16]} 23. f3 {[%emt 0:01:29]} h5 {[%emt 0:06:56]} 24. Bd3 {[%emt 0:03:54]} Rb6 {
[%emt 0:06:00]} 25. b3 {[%emt 0:01:05]} d6 {[%emt 0:03:27]} 26. Bd2 {[%emt 0:
02:30]} Bc6 {[%emt 0:02:48]} 27. Ba5 {[%emt 0:01:55]} Rb7 {[%emt 0:00:39]} 28.
Kf2 {[%emt 0:02:25]} Bb5 {[%emt 0:01:10]} 29. Rfd1 {[%emt 0:01:11]} Kf8 {
[%emt 0:04:47]} 30. Bc3 {[%emt 0:04:41]} Bxd3 {[%emt 0:00:20]} 31. Rxd3 {
[%emt 0:02:18]} Nb5 {[%emt 0:00:37]} 32. Rd5 {[%emt 0:01:25]} g6 {[%emt 0:02:
10]} 33. Bf6 {[%emt 0:02:55]} Rb6 {[%emt 0:03:46]} 34. Bg5 {[%emt 0:05:26]} Re6
{[%emt 0:04:37]} 35. Bf4 {[%emt 0:03:14]} f6 {[%emt 0:01:03]} 36. h4 {[%emt 0:
00:41]} Nc7 {[%emt 0:01:17]} 37. Rd3 {[%emt 0:01:17]} Ne8 {[%emt 0:00:53]} 38.
Rcd1 {[%emt 0:01:10]} Ke7 {[%emt 0:01:48]} 39. Rc3 {[%emt 0:01:00]} Rb5 {
[%emt 0:01:13]} 40. Rc4 {[%emt 0:00:00]} Nc7 {[%emt 0:00:00]} 41. g4 {[%emt 0:
05:58]} hxg4 {[%emt 0:06:17]} 42. fxg4 {[%emt 0:00:12]} Ne8 {[%emt 0:01:37]}
43. h5 {[%emt 0:02:43]} Kf7 {[%emt 0:03:26]} 44. Kf3 {[%emt 0:03:09]} Kg7 {
[%emt 0:01:15]} 45. Rh1 {[%emt 0:04:40]} gxh5 {[%emt 0:02:11]} 46. gxh5 {
[%emt 0:04:41]} Kh7 {[%emt 0:02:07]} 47. h6 {[%emt 0:01:37]} Re7 {[%emt 0:04:
37]} 48. Kg4 {[%emt 0:03:34]} Kg6 {[%emt 0:04:35]} 49. Kf3 {[%emt 0:03:29]} Rh7
{[%emt 0:01:09]} 50. Rg1+ {[%emt 0:00:45]} Kf7 {[%emt 0:00:04]} 51. Rc2 {
[%emt 0:01:03]} Rb4 {[%emt 0:02:14]} 52. Rd2 {[%emt 0:01:00]} a5 {[%emt 0:00:
28]} 53. Rd3 {[%emt 0:02:58]} a4 {[%emt 0:02:29]} 54. Bd2 {[%emt 0:00:14]} Rb6
{[%emt 0:02:13]} 55. bxa4 {[%emt 0:00:16]} Rb2 {[%emt 0:00:38]} 56. Rb3 {
[%emt 0:00:32]} Rxd2 {[%emt 0:02:46]} 57. Rb7+ {[%emt 0:00:05]} Kf8 {[%emt 0:
00:57]} 58. Rxh7 {[%emt 0:00:06]} Rxa2 {[%emt 0:01:20]} 59. Rh8+ {[%emt 0:00:
20]} Kf7 {[%emt 0:00:13]} 60. Rxe8 {[%emt 0:02:02]} Ra3+ {[%emt 0:01:22]} 61.
Kf4 {[%emt 0:00:17]} Kxe8 {[%emt 0:01:29]} 62. h7 {[%emt 0:00:18]} 1-0

[Event "25th European Club Cup Women 2021"]
[Site "Struga"]
[Date "2021.09.19"]
[Round "2.9"]
[White "Muzychuk, Anna"]
[Black "Unuk, Laura"]
[Result "1/2-1/2"]
[WhiteElo "2534"]
[BlackElo "2389"]
[Annotator "ChessBase"]
[PlyCount "69"]
[EventDate "2021.09.18"]
[EventType "team-tourn"]
[EventCountry "MKD"]
[SourceTitle "playchess.com"]
[Source "ChessBase"]
[SourceQuality "1"]
[TimeControl "40/5400+30:1800+30"]

1. e4 {[%emt 0:00:02]} e5 {[%emt 0:00:16]} 2. Nf3 {[%emt 0:00:07]} Nc6 {
[%emt 0:00:05]} 3. Bb5 {[%emt 0:00:09]} a6 {[%emt 0:00:07]} 4. Ba4 {[%emt 0:00:
05]} g6 {[%emt 0:01:08]} 5. d4 {[%emt 0:08:15]} b5 {[%emt 0:00:45]} 6. Bb3 {
[%emt 0:00:10]} exd4 {[%emt 0:00:24]} 7. Nxd4 {[%emt 0:10:31]} Na5 {[%emt 0:01:
16]} 8. a4 {[%emt 0:06:58]} Nxb3 {[%emt 0:01:14]} 9. Nxb3 {[%emt 0:00:18]} b4 {
[%emt 0:02:35]} 10. Qd4 {[%emt 0:07:11]} Qf6 {[%emt 0:03:08]} 11. Be3 {[%emt 0:
00:07]} Qxd4 {[%emt 0:05:25]} 12. Bxd4 {[%emt 0:00:15]} f6 {[%emt 0:00:06]} 13.
N1d2 {[%emt 0:01:35]} Kf7 {[%emt 0:01:23]} 14. Nc4 {[%emt 0:04:34]} Ne7 {
[%emt 0:01:08]} 15. Nba5 {[%emt 0:03:17]} d6 {[%emt 1:19:00]} 16. O-O-O {
[%emt 0:03:33]} Bh6+ {[%emt 0:00:30]} 17. Kb1 {[%emt 0:00:40]} Bd7 {[%emt 0:00:
30]} 18. b3 {[%emt 0:51:43]} Nc6 {[%emt 0:00:30]} 19. Nxc6 {[%emt 0:00:00]}
Bxc6 {[%emt 0:00:00]} 20. f3 {[%emt 0:00:00]} Rhe8 {[%emt 0:01:00]} 21. Rhe1 {
[%emt 0:00:00]} Rad8 {[%emt 0:00:00]} 22. Be3 {[%emt 0:02:00]} Bf8 {[%emt 0:00:
00]} 23. Bf4 {[%emt 0:00:30]} Bb7 {[%emt 0:01:30]} 24. Ne3 {[%emt 0:00:00]} Rd7
{[%emt 0:00:30]} 25. Rd4 {[%emt 0:01:00]} c5 {[%emt 0:00:00]} 26. Rdd1 {
[%emt 0:00:00]} d5 {[%emt 0:01:00]} 27. Nxd5 {[%emt 0:00:00]} Bxd5 {[%emt 0:00:
00]} 28. exd5 {[%emt 0:00:00]} Rxe1 {[%emt 0:00:00]} 29. Rxe1 {[%emt 0:00:00]}
Rxd5 {[%emt 0:00:00]} 30. c4 {[%emt 0:00:00]} Rd3 {[%emt 0:00:00]} 31. Kc2 {
[%emt 0:03:00]} Rc3+ {[%emt 0:00:00]} 32. Kb2 {[%emt 0:00:00]} Rd3 {[%emt 0:00:
00]} 33. Kc2 {[%emt 0:00:00]} Rc3+ {[%emt 0:00:00]} 34. Kb2 {[%emt 0:00:00]}
Rd3 {[%emt 0:00:00]} 35. Kc2 {[%emt 0:00:00]} 1/2-1/2

[Event "25th European Club Cup Women 2021"]
[Site "Struga"]
[Date "2021.09.19"]
[Round "2.10"]
[White "Cvitan, Ena"]
[Black "Abdumalik, Zhansaya"]
[Result "0-1"]
[WhiteElo "2284"]
[BlackElo "2502"]
[Annotator "ChessBase"]
[PlyCount "66"]
[EventDate "2021.09.18"]
[EventType "team-tourn"]
[EventCountry "MKD"]
[SourceTitle "playchess.com"]
[Source "ChessBase"]
[SourceQuality "1"]
[TimeControl "40/5400+30:1800+30"]

1. d4 {[%emt 0:00:09]} Nf6 {[%emt 0:00:08]} 2. c4 {[%emt 0:00:11]} g6 {[%emt 0:
01:07]} 3. Nc3 {[%emt 0:00:16]} d5 {[%emt 0:00:11]} 4. cxd5 {[%emt 0:00:09]}
Nxd5 {[%emt 0:00:05]} 5. e4 {[%emt 0:00:05]} Nxc3 {[%emt 0:00:05]} 6. bxc3 {
[%emt 0:00:06]} Bg7 {[%emt 0:00:06]} 7. Bc4 {[%emt 0:00:06]} c5 {[%emt 0:00:35]
} 8. Ne2 {[%emt 0:00:15]} O-O {[%emt 0:00:14]} 9. Be3 {[%emt 0:00:42]} Nc6 {
[%emt 0:00:37]} 10. h4 {[%emt 0:00:06]} h6 {[%emt 0:08:31]} 11. h5 {[%emt 0:17:
51]} g5 {[%emt 0:00:46]} 12. O-O {[%emt 0:01:18]} Bg4 {[%emt 0:02:51]} 13. f3 {
[%emt 0:04:16]} Bxh5 {[%emt 0:00:58]} 14. dxc5 {[%emt 0:09:24]} Qc7 {[%emt 0:
03:13]} 15. Qc2 {[%emt 0:00:25]} Ne5 {[%emt 0:01:23]} 16. Bb3 {[%emt 0:05:08]}
Nd7 {[%emt 0:00:47]} 17. c6 {[%emt 0:06:10]} bxc6 {[%emt 0:05:00]} 18. Nd4 {
[%emt 0:02:02]} e6 {[%emt 0:01:42]} 19. Rad1 {[%emt 0:09:25]} Ne5 {[%emt 0:01:
55]} 20. c4 {[%emt 0:03:15]} a5 {[%emt 0:09:26]} 21. Ba4 {[%emt 0:05:46]} Rab8
{[%emt 0:00:43]} 22. a3 {[%emt 0:00:27]} Rfd8 {[%emt 0:02:41]} 23. Kf2 {
[%emt 0:04:36]} Rb7 {[%emt 0:09:36]} 24. Rh1 {[%emt 0:01:06]} Rdb8 {[%emt 0:00:
31]} 25. Nb3 {[%emt 0:01:51]} Bg6 {[%emt 0:00:46]} 26. Rd2 {[%emt 0:03:39]} Bf8
{[%emt 0:02:31]} 27. c5 {[%emt 0:07:01]} Bg7 {[%emt 0:03:20]} 28. Rd6 {[%emt 0:
03:06]} f5 {[%emt 0:06:56]} 29. Bd4 {[%emt 0:03:04]} fxe4 {[%emt 0:03:32]} 30.
fxe4 {[%emt 0:01:26]} Ng4+ {[%emt 0:02:35]} 31. Kg3 {[%emt 0:01:05]} Qf7 {
[%emt 0:00:32]} 32. Kh3 {[%emt 0:03:36]} Bxd4 {[%emt 0:01:20]} 33. Rxd4 {
[%emt 0:00:29]} e5 {[%emt 0:02:47]} 0-1

[Event "25th European Club Cup Women 2021"]
[Site "Struga"]
[Date "2021.09.19"]
[Round "2.11"]
[White "Muzychuk, Mariya"]
[Black "Urh, Zala"]
[Result "1-0"]
[WhiteElo "2540"]
[BlackElo "2234"]
[Annotator "ChessBase"]
[PlyCount "65"]
[EventDate "2021.09.18"]
[EventType "team-tourn"]
[EventCountry "MKD"]
[SourceTitle "playchess.com"]
[Source "ChessBase"]
[SourceQuality "1"]
[TimeControl "40/5400+30:1800+30"]

1. e4 {[%emt 0:00:03]} c5 {[%emt 0:00:23]} 2. Nf3 {[%emt 0:00:24]} Nc6 {
[%emt 0:00:15]} 3. Bb5 {[%emt 0:00:43]} g6 {[%emt 0:00:17]} 4. Bxc6 {[%emt 0:
00:32]} dxc6 {[%emt 0:00:11]} 5. d3 {[%emt 0:00:09]} Bg7 {[%emt 0:00:18]} 6. h3
{[%emt 0:00:19]} Qc7 {[%emt 0:00:48]} 7. Nc3 {[%emt 0:00:17]} e5 {[%emt 0:00:
25]} 8. Be3 {[%emt 0:00:19]} b6 {[%emt 0:00:35]} 9. Qd2 {[%emt 0:01:57]} h6 {
[%emt 0:00:19]} 10. O-O-O {[%emt 0:01:14]} f5 {[%emt 0:08:06]} 11. exf5 {
[%emt 0:02:58]} gxf5 {[%emt 0:00:14]} 12. Qe2 {[%emt 0:00:52]} Ne7 {[%emt 0:03:
37]} 13. Rde1 {[%emt 0:04:57]} Ba6 {[%emt 0:09:22]} 14. Bd2 {[%emt 0:15:57]} e4
{[%emt 0:09:37]} 15. Nh4 {[%emt 0:04:06]} O-O-O {[%emt 0:02:39]} 16. Nxe4 {
[%emt 0:01:11]} fxe4 {[%emt 0:09:52]} 17. Qg4+ {[%emt 0:00:15]} Rd7 {[%emt 0:
00:29]} 18. Qxg7 {[%emt 0:01:04]} Rg8 {[%emt 0:00:18]} 19. Qf7 {[%emt 0:04:41]}
Qd8 {[%emt 0:09:21]} 20. Rxe4 {[%emt 0:01:03]} Nd5 {[%emt 0:04:31]} 21. Qe6 {
[%emt 0:02:27]} Kb7 {[%emt 0:00:42]} 22. Qxh6 {[%emt 0:07:11]} c4 {[%emt 0:04:
09]} 23. dxc4 {[%emt 0:03:49]} Nf6 {[%emt 0:01:31]} 24. Re6 {[%emt 0:02:57]}
Bxc4 {[%emt 0:01:18]} 25. Rxf6 {[%emt 0:00:41]} Rxd2 {[%emt 0:00:43]} 26. Qxd2
{[%emt 0:06:53]} Qxf6 {[%emt 0:00:10]} 27. g3 {[%emt 0:00:17]} Bxa2 {[%emt 0:
02:06]} 28. Re1 {[%emt 0:02:33]} a5 {[%emt 0:01:14]} 29. Qe3 {[%emt 0:03:15]}
Ka6 {[%emt 0:02:02]} 30. Ng2 {[%emt 0:05:23]} Rg5 {[%emt 0:01:45]} 31. Nf4 {
[%emt 0:00:39]} Rb5 {[%emt 0:00:22]} 32. Nd3 {[%emt 0:00:09]} a4 {[%emt 0:01:
11]} 33. Qe8 {[%emt 0:02:09]} 1-0

[Event "25th European Club Cup Women 2021"]
[Site "Struga"]
[Date "2021.09.19"]
[Round "2.12"]
[White "Vidic, Teja"]
[Black "Buksa, Nataliya"]
[Result "1/2-1/2"]
[WhiteElo "2172"]
[BlackElo "2417"]
[Annotator "NA"]
[PlyCount "153"]
[EventDate "2021.09.18"]
[EventType "team-tourn"]
[EventCountry "MKD"]
[SourceTitle "playchess.com"]
[Source "ChessBase"]
[SourceQuality "1"]
[TimeControl "40/5400+30:1800+30"]

1. e4 {[%emt 0:00:05]} e5 {[%emt 0:00:05]} 2. Nf3 {[%emt 0:00:04]} Nc6 {
[%emt 0:00:03]} 3. Bb5 {[%emt 0:00:10]} a6 {[%emt 0:00:04]} 4. Ba4 {[%emt 0:00:
06]} Nf6 {[%emt 0:00:03]} 5. O-O {[%emt 0:00:19]} Nxe4 {[%emt 0:00:05]} 6. d4 {
[%emt 0:00:36]} b5 {[%emt 0:00:05]} 7. Bb3 {[%emt 0:00:05]} d5 {[%emt 0:00:02]}
8. dxe5 {[%emt 0:00:32]} Be6 {[%emt 0:00:04]} 9. Qe2 {[%emt 0:00:05]} Be7 {
[%emt 0:01:39]} 10. Rd1 {[%emt 0:00:05]} O-O {[%emt 0:00:04]} 11. c4 {[%emt 0:
00:04]} bxc4 {[%emt 0:00:02]} 12. Bxc4 {[%emt 0:00:06]} Bc5 {[%emt 0:00:12]}
13. Be3 {[%emt 0:00:20]} Bxe3 {[%emt 0:00:04]} 14. Qxe3 {[%emt 0:00:08]} Qb8 {
[%emt 0:00:08]} 15. Bb3 {[%emt 0:01:29]} Qb6 {[%emt 0:01:00]} 16. Nbd2 {
[%emt 0:02:03]} Rab8 {[%emt 0:28:49]} 17. Rac1 {[%emt 0:08:53]} h6 {[%emt 0:17:
25]} 18. Nxe4 {[%emt 0:05:11]} dxe4 {[%emt 0:06:03]} 19. Qxe4 {[%emt 0:05:19]}
Bxb3 {[%emt 0:00:05]} 20. axb3 {[%emt 0:03:30]} Na5 {[%emt 0:00:17]} 21. h3 {
[%emt 0:07:46]} Nxb3 {[%emt 0:05:24]} 22. Rc6 {[%emt 0:06:37]} Nc5 {[%emt 0:02:
47]} 23. Qd5 {[%emt 0:05:48]} Rbd8 {[%emt 0:00:05]} 24. Rxb6 {[%emt 0:04:35]}
Rxd5 {[%emt 0:00:03]} 25. Rxd5 {[%emt 0:00:09]} cxb6 {[%emt 0:00:02]} 26. Nd4 {
[%emt 0:02:29]} Re8 {[%emt 0:04:48]} 27. Nc6 {[%emt 0:08:15]} Re6 {[%emt 0:00:
04]} 28. Nd8 {[%emt 0:00:57]} Re7 {[%emt 0:00:17]} 29. f4 {[%emt 0:07:38]} Rc7
{[%emt 0:09:58]} 30. Rd6 {[%emt 0:06:43]} b5 {[%emt 0:08:29]} 31. b4 {[%emt 0:
03:06]} Ne4 {[%emt 0:00:04]} 32. Rxa6 {[%emt 0:00:18]} Rc1+ {[%emt 0:00:04]}
33. Kh2 {[%emt 0:00:08]} h5 {[%emt 0:00:17]} 34. e6 {[%emt 0:08:35]} fxe6 {
[%emt 0:05:29]} 35. Rxe6 {[%emt 0:00:07]} Nf6 {[%emt 0:09:16]} 36. Re5 {
[%emt 0:04:12]} h4 {[%emt 0:03:48]} 37. Rxb5 {[%emt 0:03:19]} Rd1 {[%emt 0:01:
08]} 38. Ne6 {[%emt 0:00:58]} Nd5 {[%emt 0:00:16]} 39. Ng5 {[%emt 0:04:38]} g6
{[%emt 0:00:30]} 40. Nf3 {[%emt 0:00:00]} Nxf4 {[%emt 0:00:00]} 41. Nxh4 {
[%emt 0:03:11]} Kf7 {[%emt 0:01:11]} 42. Kg3 {[%emt 0:02:47]} Nd5 {[%emt 0:01:
06]} 43. Nf3 {[%emt 0:07:02]} Ke6 {[%emt 0:00:04]} 44. Rb8 {[%emt 0:01:57]} Rb1
{[%emt 0:00:13]} 45. b5 {[%emt 0:00:56]} Rb2 {[%emt 0:00:11]} 46. Nd4+ {
[%emt 0:02:07]} Ke5 {[%emt 0:00:03]} 47. Nc6+ {[%emt 0:00:23]} Kf5 {[%emt 0:01:
01]} 48. Rf8+ {[%emt 0:02:02]} Ke6 {[%emt 0:00:59]} 49. Rf2 {[%emt 0:03:45]}
Rb3+ {[%emt 0:00:03]} 50. Rf3 {[%emt 0:00:04]} Rb2 {[%emt 0:00:03]} 51. Nd4+ {
[%emt 0:00:50]} Kd6 {[%emt 0:07:09]} 52. Rb3 {[%emt 0:00:35]} Rxb3+ {[%emt 0:
00:20]} 53. Nxb3 {[%emt 0:00:05]} Nc3 {[%emt 0:00:01]} 54. Kg4 {[%emt 0:02:22]}
Nxb5 {[%emt 0:00:58]} 55. Kg5 {[%emt 0:00:05]} Ke7 {[%emt 0:00:24]} 56. Kxg6 {
[%emt 0:00:05]} Kf8 {[%emt 0:00:02]} 57. h4 {[%emt 0:00:17]} Kg8 {[%emt 0:00:
14]} 58. h5 {[%emt 0:00:25]} Nc3 {[%emt 0:00:07]} 59. g4 {[%emt 0:00:40]} Nd5 {
[%emt 0:00:08]} 60. Nd4 {[%emt 0:00:58]} Nf4+ {[%emt 0:00:22]} 61. Kf5 {
[%emt 0:00:32]} Nd5 {[%emt 0:00:16]} 62. g5 {[%emt 0:00:40]} Kg7 {[%emt 0:00:
58]} 63. Ne6+ {[%emt 0:00:16]} Kh7 {[%emt 0:00:04]} 64. g6+ {[%emt 0:01:10]}
Kh6 {[%emt 0:00:04]} 65. Nf4 {[%emt 0:02:42]} Ne3+ {[%emt 0:06:16]} 66. Kf6 {
[%emt 0:01:59]} Ng4+ {[%emt 0:00:04]} 67. Kf7 {[%emt 0:01:31]} Kg5 {[%emt 0:06:
45]} 68. Kg7 {[%emt 0:05:19]} Nh6 {[%emt 0:00:33]} 69. Kh7 {[%emt 0:00:10]} Ng4
{[%emt 0:00:13]} 70. g7 {[%emt 0:02:16]} Kxf4 {[%emt 0:01:03]} 71. Kg6 {
[%emt 0:00:29]} Ne5+ {[%emt 0:00:05]} 72. Kh7 {[%emt 0:01:43]} Ng4 {[%emt 0:01:
10]} 73. Kg6 {[%emt 0:00:12]} Ne5+ {[%emt 0:00:05]} 74. Kf6 {[%emt 0:00:11]}
Ng4+ {[%emt 0:00:17]} 75. Ke7 {[%emt 0:01:17]} Nh6 {[%emt 0:00:06]} 76. Kf6 {
[%emt 0:00:08]} Ng4+ {[%emt 0:00:04]} 77. Kg6 {[%emt 0:00:31]} 1/2-1/2

[Event "25th European Club Cup Women 2021"]
[Site "Struga"]
[Date "2021.09.19"]
[Round "2.13"]
[White "Saduakassova, Dinara"]
[Black "Goryachkina, Aleksandra"]
[Result "1/2-1/2"]
[WhiteElo "2489"]
[BlackElo "2608"]
[Annotator "TA"]
[PlyCount "64"]
[EventDate "2021.09.18"]
[EventType "team-tourn"]
[EventCountry "MKD"]
[SourceTitle "playchess.com"]
[Source "ChessBase"]
[SourceQuality "1"]

{[%evp 13,64,3,20,10,15,14,6,15,34,0,18,16,20,0,0,-10,0,0,0,0,5,25,15,0,0,0,0,
0,0,0,0,0,0,0,0,0,0,0,0,0,0,0,0,0,0,0,0,0,0,0,0,0,0]} 1. Nf3 d5 2. g3 g6 3. d4
Nf6 4. c4 c6 5. Qb3 Bg7 6. Bg2 O-O 7. O-O a5 8. cxd5 {D78: Fianchetto Grünfeld:
6 0-0 c6.} a4 9. Qd1 cxd5 10. Nc3 Ne4 11. Ne5 Nc6 12. Nxc6 bxc6 {[#]} 13. Nxe4
$146 ({Predecessor:} 13. Nxa4 Ba6 14. Be3 Bxe2 15. Qxe2 Rxa4 16. Bxe4 dxe4 17.
Qc2 Qa8 18. b3 Ra3 19. Rfc1 e6 20. Qxe4 Rxa2 21. Rxa2 Qxa2 22. b4 Qb2 23. Qxc6
Bxd4 24. Bxd4 {1/2-1/2 (24) Kunte,A (2504)-Shyam,N (2450) New Delhi 2017})
13... dxe4 14. Bxe4 Bh3 15. Bxc6 Bxf1 16. Bxa8 Qxa8 {[%csl Gf1][%cal Ra8g2] [#]
} 17. Qxf1 Bxd4 18. Bh6 {The position is equal.} Rb8 19. Rd1 Bxb2 20. Qg2 Qxg2+
21. Kxg2 Bg7 22. Bxg7 Kxg7 $11 {[%mdl 4096] Endgame KR-KR} 23. Rd4 Rb2 24. Rxa4
Rxe2 25. h4 h5 26. Ra7 Kf6 27. a4 Ra2 28. a5 Ra3 29. a6 e6 30. Kf1 Ra2 31. Kg2
Ra3 32. Kf1 Ra2 {Not much happened in this game.  Weighted Error Value:
White=0.05/Black=0.03} 1/2-1/2